Abraham Lincoln / (Record no. 537)

MARC details
000 -LEADER
fixed length control field 00948cam a2200277 a 4500
005 - DATE AND TIME OF LATEST TRANSACTION
control field 20230525111010.0
020 ## - INTERNATIONAL STANDARD BOOK NUMBER
International Standard Book Number 0439095549
040 ## - CATALOGING SOURCE
Original cataloging agency DLC
Transcribing agency DLC
Modifying agency DLC
-- FISKH
Language of cataloging eng
050 00 - LIBRARY OF CONGRESS CALL NUMBER
Classification number E457.905
Item number .S85 2000
082 00 - DEWEY DECIMAL CLASSIFICATION NUMBER
Classification number 973.7/092
-- B
Edition number 21
100 1# - MAIN ENTRY--PERSONAL NAME
Personal name Sullivan, George,
Dates associated with a name 1927-
245 10 - TITLE STATEMENT
Title Abraham Lincoln /
Statement of responsibility, etc. George Sullivan.
260 ## - PUBLICATION, DISTRIBUTION, ETC.
Place of publication, distribution, etc. New York :
Name of publisher, distributor, etc. Scholastic Reference,
Date of publication, distribution, etc. 2000.
300 ## - PHYSICAL DESCRIPTION
Extent 128 pages :
Other physical details illustrations ;
Dimensions 20 cm.
490 1# - SERIES STATEMENT
Series statement In their own words
505 ## - FORMATTED CONTENTS NOTE
Formatted contents note M
520 ## - SUMMARY, ETC.
Summary, etc. Presents a biography, including excerpts from his speeches, letters, and other writings, of the man who was President during the Civil War.
521 ## - TARGET AUDIENCE NOTE
Target audience note 780 <br/>
Source Lexile
521 ## - TARGET AUDIENCE NOTE
Target audience note M <br/>
Source Raz-Plus
650 #0 - SUBJECT ADDED ENTRY--TOPICAL TERM
Topical term or geographic name entry element Presidents
Geographic subdivision United States
Form subdivision Biography
-- Juvenile literature.
650 #1 - SUBJECT ADDED ENTRY--TOPICAL TERM
Topical term or geographic name entry element Presidents.
906 ## - LOCAL DATA ELEMENT F, LDF (RLIN)
a 7
b cbc
c orignew
d 1
e ocip
f 19
g y-gencatlg
942 ## - ADDED ENTRY ELEMENTS (KOHA)
Source of classification or shelving scheme Dewey Decimal Classification
Koha item type Books
Suppress in OPAC No
999 ## -
-- 537
-- 537
Holdings
Withdrawn status Lost status Source of classification or shelving scheme Damaged status Not for loan Collection Home library Current library Shelving location Date acquired Total Checkouts Full call number Barcode Date last seen Price effective from Koha item type
    Dewey Decimal Classification     Non-Fiction Footprints International School Library Network Toul Kork Campus Footprints International School Library Network Toul Kork Campus TK Primary Library Room(4th Floor), Bookcase 5&6, Shelves 33-56, Orange Books 05/25/2023   SUL 973.7092 E457.S85 FISTK00355 05/25/2023 05/25/2023 Books